| 000 | 00773nam a22002657a 4500 | ||
|---|---|---|---|
| 003 | UA-OsUOA | ||
| 001 | 38802 | ||
| 007 | ta | ||
| 008 | 20060526b un ||||| |||| 00| 0 ukr d | ||
| 100 | _aГоляк Л.В. | ||
| 700 | _aМацко А.С. | ||
| 700 | _aТюріна О.В. | ||
| 090 |
_a340.5 _bГ63 |
||
| 942 | _cBK | ||
| 040 |
_aUA-OsUOA _bukr _cUA-OsUOA _dUA-OsUOA |
||
| 245 |
_aПорівяняльне правознавство _bКурс лекцій |
||
| 300 | _a200 с. | ||
| 955 | _a2 | ||
| 041 | _aukr | ||
| 080 | _a340.5 | ||
| 020 | _a966-608-423-6 | ||
| 260 |
_aК. _bМАУП _c2004 |
||
| 650 | 7 |
_a340 Право в цілому. Пропедевтика. Методи та допоміжні правничі науки _2UDC |
|
| 999 |
_c324949 _d324949 |
||